My father, Rudolf Hess / (Record no. 128973)
[ view plain ]
| 000 -LEADER | |
|---|---|
| fixed length control field | 00563nam a22001935a 4500 |
| 001 - CONTROL NUMBER | |
| control field | 65768 |
| 003 - CONTROL NUMBER IDENTIFIER | |
| control field | ARRUPE |
| 005 - DATE AND TIME OF LATEST TRANSACTION | |
| control field | 20190212124807.0 |
| 008 - FIXED-LENGTH DATA ELEMENTS--GENERAL INFORMATION | |
| fixed length control field | 940920s1994 xxc 000 0 eng |
| 010 ## - LIBRARY OF CONGRESS CONTROL NUMBER | |
| LC control number | 94210010 |
| 040 ## - CATALOGING SOURCE | |
| Original cataloging agency | DLC |
| Transcribing agency | DLC |
| 050 ## - LIBRARY OF CONGRESS CALL NUMBER | |
| Classification number | DD287.7.H46 H586 |
| 300 ## - PHYSICAL DESCRIPTION | |
| Dimensions | 24cm. |
| 100 1# - MAIN ENTRY--PERSONAL NAME | |
| Personal name | Hess, Wolf Rüdiger. |
| 9 (RLIN) | 44574 |
| 245 10 - TITLE STATEMENT | |
| Title | My father, Rudolf Hess / |
| Statement of responsibility, etc | Wolf Rüdiger Hess. |
| 260 ## - PUBLICATION, DISTRIBUTION, ETC. (IMPRINT) | |
| Place of publication, distribution, etc | London : |
| Name of publisher, distributor, etc | W.H. Allen ., |
| Date of publication, distribution, etc | 1986. |
| 300 ## - PHYSICAL DESCRIPTION | |
| Extent | vi, 414 p. ; |
| 600 ## - SUBJECT ADDED ENTRY--PERSONAL NAME | |
| Personal name | Hess, Rudolf |
| 9 (RLIN) | 44575 |
| 906 ## - LOCAL DATA ELEMENT F, LDF (RLIN) | |
| a | 0 |
| b | ibc |
| c | orignew |
| d | 3 |
| e | ncip |
| f | 19 |
| g | y-gencatlg |
| 942 ## - ADDED ENTRY ELEMENTS (KOHA) | |
| Source of classification or shelving scheme | Library of Congress Classification |
| Koha item type | Monograph ( Printed materials) |
| Withdrawn status | Lost status | Source of classification or shelving scheme | Damaged status | Not for loan | Collection code | Home library | Current library | Shelving location | Date acquired | Total Checkouts | Full call number | Barcode | Date last seen | Price effective from | Koha item type |
|---|---|---|---|---|---|---|---|---|---|---|---|---|---|---|---|
| Library of Congress Classification | Main Collection | ARRUPE LIBRARY | ARRUPE LIBRARY | Main Collection | 12/02/2019 | DD287.7.H46 H586 | 46600003735 | 12/02/2019 | 12/02/2019 | Monograph ( Printed materials) |